| 000 | 01002nam a22003137a 4500 | ||
|---|---|---|---|
| 001 | BR9603329 | ||
| 003 | BR-BrBNA | ||
| 005 | 20230928095108.0 | ||
| 007 | ta | ||
| 008 | 230509b bl.||||| |||| 00| 0 por d | ||
| 040 |
_aBR-BrBNA _bpor _cBiblioteca Nacional de Agricultura |
||
| 041 | _a(Por) | ||
| 072 |
_aF50; F62 _b1160 _b1220 |
||
| 090 | _ 1160 BR9603329 | ||
| 100 | 1 | _aCavalcante Junior, A.T. | |
| 110 | 1 |
_aEscola Superior de Agricultura de Lavras, MG (Brasil) _0Tese (Doutor em Agronomia) |
|
| 245 | 1 | _aMorfo-fisiologia da germinacao e estabelecimento da planta do cajueiro-anao-precoce (Anacerdium occidentale L.) | |
| 260 | 3 |
_aLavras, MG (Brasil): _c1994. |
|
| 300 | _a84 p. | ||
| 500 | _a24 graphs; 9 tables; Summaries (Eng, Por); Bibliography p. 71-76 | ||
| 650 | _aCaju | ||
| 650 | _aCastanha de Caju | ||
| 650 | _aGerminacao | ||
| 650 | _aPlantula | ||
| 650 | _aFisiologia Vegetal | ||
| 650 | _aMorfologia Vegetal | ||
| 909 |
_a202309 _bLucia _c55 _dLucia Elande |
||
| 942 | _cBK | ||
| 999 |
_c54490 _d54490 |
||